Giáo dục ý thức chấp hành luật giao thông cho học sinh trường trung cấp nghề Hồng Ngự, tỉnh Đồng Tháp trong giai đoạn hiện nay Luận văn thạc sĩ Khoa học Giáo dục. Chuyên ngành:LL và PPDH bộ môn Chính trị . Mã số: 60 14 10

Đã lưu trong:
書目詳細資料
主要作者: Nguyễn, Hòa Thuận
其他作者: Đinh Thế Định (Hướng dẫn)
格式: Luận văn 工具包 圖書
出版: Đồng Tháp Đại học Vinh 2012
主題:
標簽: 添加標簽
沒有標簽, 成為第一個標記此記錄!
Thư viện lưu trữ: Trung tâm Học liệu Lê Vũ Hùng, Trường Đại học Đồng Tháp
LEADER 01333ppm a22003018a 4500
001 00036481
005 20171026081025.0
008 170303s2012 ||||||Viesd
041 0 # |a Vie 
082 1 4 |b GI108D  |a 349.597 
100 1 # |a Nguyễn, Hòa Thuận 
245 0 0 |a Giáo dục ý thức chấp hành luật giao thông cho học sinh trường trung cấp nghề Hồng Ngự, tỉnh Đồng Tháp trong giai đoạn hiện nay  |b Luận văn thạc sĩ Khoa học Giáo dục. Chuyên ngành:LL và PPDH bộ môn Chính trị . Mã số: 60 14 10  |c Nguyễn Hòa Thuận; Nguyễn Thái Sơn (hướng dẫn) 
260 # # |a Đồng Tháp  |b Đại học Vinh  |c 2012 
300 # # |a 101tr.+ phụ lục  |c 30cm.  |e 1 bản tóm tắt 
500 # # |a ĐTTS ghi: Bộ giáo dục và đào tạo. Trường Đại học Vinh 
653 # # |a Chấp hành 
653 # # |a Học sinh 
653 # # |a Trung cấp nghề 
653 # # |a Luật giao thông 
653 # # |a Luận văn 
700 1 # |a Đinh Thế Định  |e Hướng dẫn 
852 # # |j LV.0000882 
852 # # |b Kho đọc SĐH  |j LV.0000882 
910 |d 03/03/2017 
980 # # |a Trung tâm Học liệu Lê Vũ Hùng, Trường Đại học Đồng Tháp